| 000 | 00647nam a22002292 4500 | ||
|---|---|---|---|
| 999 |
_c8426 _d8426 |
||
| 001 | 8426 | ||
| 003 | UkOxU | ||
| 005 | 20180224164822.0 | ||
| 008 | 700121s1963 ru a 000 0 eng | ||
| 035 | _a(BD-JCCh) 8426 | ||
| 040 |
_aDLC _cDLC _dEQO |
||
| 041 | 1 | _aengrus | |
| 050 | 0 |
_aTN270 _b.K513 |
|
| 082 |
_a622/.1 _bKIT 1963 |
||
| 100 | 1 | _aKitaĭskiĭ, E. D. | |
| 245 | 1 | 0 |
_aProspecting for minerals / _c[Compiled by Y. D. Kitaisky. Translated from the Russian by A. Gurevich] |
| 260 |
_aMoscow : _bForeign Languages Pub. House, _c[1963] |
||
| 300 |
_a207 p. _billus. _c21 cm. |
||
| 650 | 0 | _aProspecting. | |
| 942 |
_2ddc _cBK |
||